Hotel House-Keeping Mannual (Record no. 419836)

MARC details
000 -LEADER
fixed length control field 00354nam a2200157Ia 4500
008 - FIXED-LENGTH DATA ELEMENTS--GENERAL INFORMATION
fixed length control field 230605s1991 xx 000 0 und d
041 ## - LANGUAGE CODE
Language code of text/sound track or separate title eng
100 ## - MAIN ENTRY--PERSONAL NAME
Personal name Andrews
245 ## - TITLE STATEMENT
Title Hotel House-Keeping Mannual
250 ## - EDITION STATEMENT
Edition statement 7th
260 ## - PUBLICATION, DISTRIBUTION, ETC.
Name of publisher, distributor, etc. Tata Mc.Grawhill Co.
Date of publication, distribution, etc. 1991
300 ## - PHYSICAL DESCRIPTION
Extent 136p
520 ## - SUMMARY, ETC.
Summary, etc. General
520 ## - SUMMARY, ETC.
Summary, etc. Hard Board
650 ## - SUBJECT ADDED ENTRY--TOPICAL TERM
Topical term or geographic name entry element H.K.

No items available.